<?xml version="1.0" encoding="UTF-8"?>
<record
    xmlns:xsi="http://www.w3.org/2001/XMLSchema-instance"
    xsi:schemaLocation="http://www.loc.gov/MARC21/slim http://www.loc.gov/standards/marcxml/schema/MARC21slim.xsd"
    xmlns="http://www.loc.gov/MARC21/slim">

  <leader>01431nam a22001577a 4500</leader>
  <controlfield tag="008">190710b        xxu||||| |||| 00| 0 eng d</controlfield>
  <datafield tag="020" ind1=" " ind2=" ">
    <subfield code="a">9789964632932</subfield>
  </datafield>
  <datafield tag="050" ind1=" " ind2=" ">
    <subfield code="a">KRX658.A93</subfield>
  </datafield>
  <datafield tag="100" ind1=" " ind2=" ">
    <subfield code="a">Adjei, Dennis Dominic</subfield>
  </datafield>
  <datafield tag="245" ind1=" " ind2=" ">
    <subfield code="a">Land law, practice and conveyancing in Ghana. /</subfield>
    <subfield code="c">Dennis Dominic Adjei.</subfield>
  </datafield>
  <datafield tag="260" ind1=" " ind2=" ">
    <subfield code="a">Accra:</subfield>
    <subfield code="b">Adwinsa,</subfield>
    <subfield code="c">2015.</subfield>
  </datafield>
  <datafield tag="300" ind1=" " ind2=" ">
    <subfield code="a">xxxvi, 416p.:</subfield>
    <subfield code="c">25 cm.</subfield>
  </datafield>
  <datafield tag="500" ind1=" " ind2=" ">
    <subfield code="a">Includes index.</subfield>
  </datafield>
  <datafield tag="505" ind1=" " ind2=" ">
    <subfield code="a">Contents: Introduction to land law in Ghana -- Alienation of land -- Capacity to maintain an action in land matters -- Types of land dispositions in Ghana -- Compulsory acquisition -- Proper forum and reliefs sought in land matters -- Evidence in land matters -- Tenancies -- Objection to jurisdiction and defences in land matters -- Leases, assignments and subleases -- Trust and advancement -- Mortgages -- Licences and proprietary estoppel -- Easements and profits -- Registration of an instrument under the land registry act, 1962 (Act 122) -- Land title registration under the land title registration Act, 1986 (P.N.D.C.L 152) -- Covenants -- Land acquisition under the Minerals and Mining Act, 2006 (Act 703) and the rights of properties of land acquired for mining -- Transfer of land or interest in land -- Power of attorney, statutory declaration, wills, vesting asset and some forms of land dispositions -- Persons with disability in land matters -- Reforms in land administration.</subfield>
  </datafield>
  <datafield tag="942" ind1=" " ind2=" ">
    <subfield code="2">lcc</subfield>
    <subfield code="c">BK</subfield>
  </datafield>
  <datafield tag="999" ind1=" " ind2=" ">
    <subfield code="c">6778</subfield>
    <subfield code="d">14278</subfield>
  </datafield>
  <datafield tag="952" ind1=" " ind2=" ">
    <subfield code="0">0</subfield>
    <subfield code="1">0</subfield>
    <subfield code="2">lcc</subfield>
    <subfield code="4">0</subfield>
    <subfield code="7">0</subfield>
    <subfield code="a">WIUC-1</subfield>
    <subfield code="b">WIUC-1</subfield>
    <subfield code="c">LL</subfield>
    <subfield code="d">2019-07-10</subfield>
    <subfield code="l">0</subfield>
    <subfield code="o">KRX658.A93</subfield>
    <subfield code="p">2677/027/19</subfield>
    <subfield code="r">2019-07-10 00:00:00</subfield>
    <subfield code="t">1</subfield>
    <subfield code="w">2019-07-10</subfield>
    <subfield code="y">BK</subfield>
  </datafield>
  <datafield tag="952" ind1=" " ind2=" ">
    <subfield code="0">0</subfield>
    <subfield code="1">0</subfield>
    <subfield code="2">lcc</subfield>
    <subfield code="4">0</subfield>
    <subfield code="7">0</subfield>
    <subfield code="a">WIUC-1</subfield>
    <subfield code="b">WIUC-1</subfield>
    <subfield code="c">LL</subfield>
    <subfield code="d">2019-07-10</subfield>
    <subfield code="l">0</subfield>
    <subfield code="o">KRX658.A931</subfield>
    <subfield code="p">2678/028/19</subfield>
    <subfield code="r">2019-07-10 00:00:00</subfield>
    <subfield code="t">2</subfield>
    <subfield code="w">2019-07-10</subfield>
    <subfield code="y">BK</subfield>
  </datafield>
  <datafield tag="952" ind1=" " ind2=" ">
    <subfield code="0">0</subfield>
    <subfield code="1">0</subfield>
    <subfield code="2">lcc</subfield>
    <subfield code="4">0</subfield>
    <subfield code="7">0</subfield>
    <subfield code="a">WIUC-KL</subfield>
    <subfield code="b">WIUC-KL</subfield>
    <subfield code="c">LL</subfield>
    <subfield code="d">2019-08-28</subfield>
    <subfield code="l">0</subfield>
    <subfield code="o">KRX658.A93</subfield>
    <subfield code="p">KSL/165/19</subfield>
    <subfield code="r">2021-05-21 00:00:00</subfield>
    <subfield code="t">1</subfield>
    <subfield code="w">2021-05-21</subfield>
    <subfield code="y">BK</subfield>
  </datafield>
  <datafield tag="952" ind1=" " ind2=" ">
    <subfield code="0">0</subfield>
    <subfield code="1">0</subfield>
    <subfield code="2">lcc</subfield>
    <subfield code="4">0</subfield>
    <subfield code="7">0</subfield>
    <subfield code="a">WIUC-KL</subfield>
    <subfield code="b">WIUC-KL</subfield>
    <subfield code="c">LL</subfield>
    <subfield code="d">2019-08-28</subfield>
    <subfield code="l">0</subfield>
    <subfield code="o">KRX658.A931</subfield>
    <subfield code="p">KSL/166/19</subfield>
    <subfield code="r">2021-05-21 00:00:00</subfield>
    <subfield code="t">2</subfield>
    <subfield code="w">2021-05-21</subfield>
    <subfield code="y">BK</subfield>
  </datafield>
</record>
